Online
Catalog

Guns, germs, and steel : (Record no. 42497)

MARC details
000 -CABECERA
campo de control de longitud fija 00667nam a2200193 a 4500
001 - NÚMERO DE CONTROL
campo de control 000043008
005 - FECHA Y HORA DE LA ÚLTIMA TRANSACCIÓN
campo de control 20201002040552.0
008 - DATOS DE LONGITUD FIJA--INFORMACIÓN GENERAL
campo de control de longitud fija 140217s1999 nyuabc 000 0 spa d
020 ## - NÚMERO INTERNACIONAL ESTÁNDAR DEL LIBRO
Número Internacional Estándar del Libro 0393317552
040 ## - FUENTE DE LA CATALOGACIÓN
Centro catalogador/agencia de origen DO-SdBNP
Lengua de catalogación spa
Centro/agencia transcriptor BNPHU
082 ## - NÚMERO DE LA CLASIFICACIÓN DECIMAL DEWEY
Número de clasificación xxxx
Número de documento/Ítem xxxx
100 1# - ENTRADA PRINCIPAL--NOMBRE DE PERSONA
Nombre de persona Diamond, Jared
Fechas asociadas al nombre 1937-
9 (RLIN) 70528
245 10 - MENCIÓN DE TÍTULO
Título Guns, germs, and steel :
Resto del título the fates of human societies /
Mención de responsabilidad, etc. Jared M. Diamond ; prologue Yali's Question.
260 ## - PUBLICACIÓN, DISTRIBUCIÓN, ETC.
Lugar de publicación, distribución, etc. New York :
Nombre del editor, distribuidor, etc. W.W. Norton & Company,
Fecha de publicación, distribución, etc. 1999.
300 ## - DESCRIPCIÓN FÍSICA
Extensión 480 p. :
Otras características físicas ill., maps ;
Dimensiones 24 cm.
504 ## - NOTA DE BIBLIOGRAFÍA, ETC.
Nota de bibliografía, etc. Bibliography : p. 459-460
586 ## - NOTA DE PREMIOS
Nota de premios Pulitzer Prize, General Nonfiction, 1998.
700 12 - PUNTO DE ACCESO ADICIONAL--NOMBRE DE PERSONA
Nombre de persona Question, Yali's
Término indicativo de función/relación pról.
9 (RLIN) 70529
Holdings
Estado de retiro Estado de pérdida Restricciones de uso No para préstamo Código de colección Localización permanente Ubicación/localización actual Ubicación en estantería Fecha de adquisición Número de inventario Total de préstamos Signatura topográfica completa Código de barras Fecha visto por última vez Precio válido a partir de Tipo de ítem Koha
      Excluido de préstamo Monografías: Libros y Folletos General General En catalogación 17.02.2014 LF1   xxxx xxxx 43008-10 25.06.2020 25.06.2020 No se presta

Powered by Koha